000 00501nam a2200169 i 4500
001 51450
003 ES-MaACL
005 20230906162350.0
007 t|
008 030813s1922 fr ||||1| fre d
100 1 _aChevalier, Jacques (
_d1882-1962)
_938413
245 1 4 _aLes deux conceptions de la morale /
_cJ. Chevalier.
260 _aParis :
_bFélix Alcan,
_c1922.
300 _a19 p.
500 _aInstitut de France. Academie des Sciences Morales et Politiques.
852 _aES-MaACL
_j1653-F-3
999 _c51450
_d51450